हंसो-हंसाओ (Record no. 8145)

MARC details
000 -LEADER
fixed length control field 00956 a2200217 4500
005 - DATE AND TIME OF LATEST TRANSACTION
control field 2008091903573.0
008 - FIXED-LENGTH DATA ELEMENTS--GENERAL INFORMATION
fixed length control field 080919t xxu||||| |||| 00| 0 hin d
010 ## - LCCN (DPL NO)
LC control number HIN-81254
020 ## - INTERNATIONAL STANDARD BOOK NUMBER
International Standard Book Number 8188653098
Terms of availability 125.00
035 ## - SYSTEM CONTROL NUMBER
System control number HN-53600
037 ## - SOURCE OF ACQUISITION
Source of stock number/acquisition D.B.Act / Pub
082 ## - DEWEY DECIMAL CLASSIFICATION NUMBER
Classification number 808.882
100 ## - MAIN ENTRY--PERSONAL NAME
Personal name गरिमा
245 ## - TITLE STATEMENT
Title हंसो-हंसाओ
Remainder of title गरिमा
246 ## - VARYING FORM OF TITLE
Title proper/short title Haso Hasao
Remainder of title By-Garima
260 ## - PUBLICATION, DISTRIBUTION, ETC. (IMPRINT)
Place of publication, distribution, etc दिल्ली
Name of publisher, distributor, etc भारत भारती
Date of publication, distribution, etc 2007
270 ## - ADDRESS
Address एन-13 , रिवेरा अपार्टमेंट , माल रोड
City दिल्ली
Postal code 110009
300 ## - PHYSICAL DESCRIPTION
Extent 96पृ
Dimensions 22सेमी(सजिल्द)
942 ## - ADDED ENTRY ELEMENTS (KOHA)
Institution code [OBSOLETE] dpl
Item type Hindi Books
Call number prefix 808.882 / गरिमा
Source of classification or shelving scheme Dewey Decimal Classification
Classification part 808.882
Call number suffix गरिमा
Holdings
Withdrawn status Lost status Source of classification or shelving scheme Damaged status Not for loan Home library Current library Date acquired Cost, normal purchase price Total Checkouts Full call number Barcode Date last seen Copy number Cost, replacement price Koha item type
    Dewey Decimal Classification     D.B.Act.Division D.B.Act.Division 19/09/2008 125.00   808.882 गरिमा HN-53600 15/09/2008 1 125.00 Hindi Books

© Delhi Public Library
Hit Counter
free hit counter